000 00942nam0a22002531 4500
001 rc\2762144
005 20110915171625.1
035 _a(NLR Aleph) 006888714
090 _a7123652
_c7123652
100 _a20110915d1940 |||y0rusy50 ca
101 0 _arus
102 _aRU
105 _ay z |||||
200 1 _aОбзор исследований дальневосточных лососей
210 _aВладивосток
_cБ. и.
_d1940
215 _a107 с.
_d25 см.
225 1 _aИзвестия Тихоокеанского научно-исследовательского института рыбного хозяйства и океанографии
_fНКРП - СССР
_vТ. 18
320 _aБиблиогр.: с. 103-105
700 1 _aПравдин
_bИ. Ф.
_f1880-1963
_gИван Федорович
801 0 _aRU
_bNLR
_gpsbo
801 1 _aRU
_bELAR
_2rusmarc
852 _aNLR
_jП7/280
942 _cBOOK
980 _aNB